000 00790nam a2200217Ii 4500
003 JO-AjNU
008 230605s9999||||xx |||||||||||||| ||und||
017 _a2009/5/1262
040 _aJO-AjNU
_bara
_erda
_cJO-AjNU
041 _aara
050 1 4 _aHF5437.Z92.2010
100 3 _aزويلف،مهدي حسن/علي سليم العلاونه,
_eauthor
_933069
245 0 0 _aادارة الشراء والتخزين:مدخل كمي
250 _aط1
264 3 1 _aعمان:مكتبة المجتمع العربي للنشر والتوزيع،2010
300 _a320ص
_bيحتوي على ببلوغرافية من ص317-320ص
336 _atext
_btxt
_2rdacontent
337 _aunmediated
_bn
_2rdamedia
338 _avolume
_bnc
_2rdacarrier
650 4 _aادارة المبيعات
_933070
999 _aA13421
_c16989
_d16989